Life of Benjamin Franklin - Statistics

General Stats
  • This quiz has been taken 6,529 times
  • The average score is 11 of 16
Answer Stats
Year Hint Answer % Correct
1723 At age 17, he moves to this city Philadelphia
90%
1790 He submits a petition to the U.S. Congress to abolish this Slavery
88%
1778 He negotiates a treaty of alliance between the U.S. and this country France
86%
1750 Using a kite, he performs an experiment meant to capture electricity from this Lightning
83%
... Franklin's father was a chandler, a person who makes these Candles
78%
1787 At age 81, he is the oldest person to sign this document U.S. Constitution
75%
1706 Ben Franklin was born in this city Boston
74%
1731 He joins this organization of free thinkers Freemasons
69%
1775 He becomes the first person to hold this office with the U.S. government, supervising mail delivery {Postmaster} General
69%
1784 He invents this type of eyewear Bifocals
68%
1775 He is elected to serve as a delegate at this meeting of the thirteen colonies {Continental} Congress
67%
1750 He first suffers from this disease, common among the well-fed Gout
66%
1750s - 1770s Franklin spends most of this time in this city London
59%
1749 Franklin founds this University University of Pennsylvania
53%
1732 He publishes the first edition of this yearly almanac Poor Richard’s Almanack
40%
1718 He starts his apprenticeship in this profession Printing
40%
No matching quizzes found
Score Distribution
Percent of People with Each Score
Percentile by Number Answered
Your Score History
You have not taken this quiz